Development planning (Record no. 109277)

MARC details
000 -LEADER
fixed length control field 02584cad a22002895a 4500
001 - CONTROL NUMBER
control field E146745
008 - FIXED-LENGTH DATA ELEMENTS--GENERAL INFORMATION
fixed length control field 090224s2009 stk f s000 0 eng d
020 ## - INTERNATIONAL STANDARD BOOK NUMBER
International Standard Book Number 9780755974207
022 1# - INTERNATIONAL STANDARD SERIAL NUMBER
International Standard Serial Number 0141-514X
035 ## - SYSTEM CONTROL NUMBER
System control number (Sirsi) u146745
041 0# - LANGUAGE CODE
Language code of text/sound track or separate title eng
050 04 - LIBRARY OF CONGRESS CALL NUMBER
Classification number 711.1 $2 18
110 2# - MAIN ENTRY--CORPORATE NAME
Corporate name or jurisdiction name as entry element Scotland
Subordinate unit Scottish Government
9 (RLIN) 5344
245 00 - TITLE STATEMENT
Title Development planning
Remainder of title planning circular 1 2009
Medium [electronic resource]
260 ## - PUBLICATION, DISTRIBUTION, ETC.
Place of publication, distribution, etc. Edinburgh
Name of publisher, distributor, etc. Scottish Government
Date of publication, distribution, etc. 2009
490 #0 - SERIES STATEMENT
Series statement Planning Circular
Volume/sequential designation (1/2009)
505 2# - FORMATTED CONTENTS NOTE
Formatted contents note Introduction: priorities for development plans -- Sustainable development -- Development plan schemes -- Strategic development plans: monitoring and the evidence base; form and content; plan preparation; engagement and the main issues report; the proposed plan; modifications; submission to Scottish Ministers; examination; approval or rejection; publication of and publicity for the approved plan -- Local development plans: monitoring and the evidence base; form and content; plan preparation; engagement and the main issues; report; publicity; the proposed plan; modifications; submission to Scottish Ministers; examination; adoption -- Development plan examinations: appointment of a person to examine the plan; examination of conformity with the participation statement; scope of examination; examination procedure and further representations; post-examination Procedures; costs and administration -- Procedures where the appointed person concludes that authorities have undertaken unsatisfactory consultation -- Action programmes -- Supplementary guidance -- Key agencies -- Default powers -- Transitional arrangements -- Revocations
520 ## - SUMMARY, ETC.
Summary, etc. The Town and Country Planning (Scotland) Act 1997, as amended by Part 2 of the Planning etc. (Scotland) Act 2006, contains procedures to be followed when preparing development plans, and sets out powers to prepare regulations to give further detail on the development planning system. This Circular describes how these aspects work together, gives a description of the legal requirements, and explains the expectations of Scottish Ministers for the key parts of the process.
521 ## - TARGET AUDIENCE NOTE
Target audience note Advanced
590 ## - LOCAL NOTE (RLIN)
Local note KA
650 14 - SUBJECT ADDED ENTRY--TOPICAL TERM
Topical term or geographic name entry element TOWN AND COUNTRY PLANNING (SCOTLAND) ACT 1997
650 24 - SUBJECT ADDED ENTRY--TOPICAL TERM
Topical term or geographic name entry element PLANNING ETC. (SCOTLAND) ACT 2006
651 #4 - SUBJECT ADDED ENTRY--GEOGRAPHIC NAME
Geographic name Scotland
Chronological subdivision 1999-
690 ## - LOCAL SUBJECT ADDED ENTRY--TOPICAL TERM (OCLC, RLIN)
Topical term or geographic name as entry element ENVIRONMENTAL AND LAND CONSULTANCY-PLANNING AND DEVELOPMENT-PLANNING GUIDANCE
856 40 - ELECTRONIC LOCATION AND ACCESS
Uniform Resource Identifier <a href="https://www.scotland.gov.uk/Publications/2009/02/13153723/0">https://www.scotland.gov.uk/Publications/2009/02/13153723/0</a>
Public note View the circular free of charge at www.scotland.gov.uk...
942 ## - ADDED ENTRY ELEMENTS (KOHA)
Suppress in OPAC 0
Holdings
Withdrawn status Lost status Source of classification or shelving scheme Damaged status Not for loan Home library Current library Shelving location Date acquired Total Checkouts Full call number Barcode Date last seen Copy number Price effective from Koha item type
    Dewey Decimal Classification     Virtual Virtual Online 24/02/2009   ONLINE PUBLICATION 146745-2001 06/08/2019 1 06/08/2019 Book